[Event "49th Bosna Tournament 2019"]
[Site "Sarajevo/"]
[Date "2019.04.27"]
[Round "1.1"]
[White "Predojevic, Borki"]
[Black "Rozic, Slaven"]
[Result "1-0"]
[WhiteElo "2621"]
[BlackElo "2088"]
[Annotator "TA"]
[PlyCount "45"]
[EventDate "2019.03.31"]
[EventType "swiss"]
[EventCountry "BIH"]
[SourceTitle "playchess.com"]
[Source "ChessBase"]
[SourceQuality "1"]

{[%evp 9,45,18,18,18,27,18,46,44,39,36,145,145,117,120,151,95,103,91,112,77,154,152,148,160,166,120,187,175,244,177,605,604,612,596,590,590,1633,1595]} 1. e4 e6 2. d4 d5 3. Nd2 Be7 4. e5 c5 5. c3 Nc6 6. Bd3 {C03: French Tarrasch: Unusual Black 3rd moves} Bd7 7. Ne2 (7. Qg4 Kf8 8. Ne2 h5 9. Qf3 cxd4 10. cxd4 Qb6 11. Nb3 a5 12. Nf4 Ke8 13. Nxh5 a4 14. Nxg7+ {1-0 (46) Mamedov,R (2703)-Lagarde,M (2616) Skopje 2018}) 7... Qb6 {[%cal Rc5d4]} 8. Nf3 {White is slightly better.} f6 9. O-O Nh6 (9... fxe5 $14 10. Nxe5 (10. dxe5 Nh6 $11) 10... Nxe5 11. dxe5 Nh6) 10. exf6 $146 ({Predecessor:} 10. dxc5 Qxc5 11. exf6 Bxf6 12. Bxh6 gxh6 {½-½ (41) Ricci,M (2139)-Lamagna,M (1888) Saint Vincent 2008}) 10... Bxf6 {[%cal Rc5d4]} 11. Re1 O-O {[%cal Rc5d4]} 12. dxc5 (12. Qc2 $142) 12... Qxc5 13. Be3 Qd6 14. Qc2 e5 ({Black should try} 14... Nf5) 15. Rad1 ({Resist} 15. Bxh7+ $6 Kh8 $14) 15... Ng4 16. Bxh7+ Kh8 17. Ng3 Nxe3 (17... Ne7 $16 {was called for.}) 18. Rxe3 $18 Rac8 (18... Be6 {is a better defense.} 19. Bf5 Rad8) 19. Qg6 {[#] Strongly threatening Qh5.} d4 $2 (19... Qe6 20. Qh5 Qg4) 20. Qh5 {White threatens Bg6+ and mate.White is clearly winning.} Bg4 21. Qxg4 Kxh7 22. Ne4 Qd8 23. Nfg5+ {Accuracy: White = 91%, Black = 32%.} 1-0

[Event "49th Bosna Tournament 2019"]
[Site "Sarajevo/"]
[Date "2019.04.27"]
[Round "1.2"]
[White "Tarun Kanyamarala"]
[Black "Kozul, Zdenko"]
[Result "0-1"]
[WhiteElo "2070"]
[BlackElo "2589"]
[Annotator "TA"]
[PlyCount "82"]
[EventDate "2019.03.31"]
[EventType "swiss"]
[EventCountry "BIH"]
[SourceTitle "playchess.com"]
[Source "ChessBase"]
[SourceQuality "1"]

{[%evp 11,82,0,0,1,12,0,4,-11,0,-56,-42,-53,-54,-55,-56,-50,14,15,16,-38,-31,-39,31,32,24,0,144,150,136,143,160,0,0,0,0,0,0,0,0,-241,-252,-407,-389,-391,-375,-400,-401,-400,-386,-375,-354,-600,-591,-1050,-1020,-1269,-1258,-1255,-1246,-1255,-1239,-1242,-1227,-1220,-1187,-1189,-1173,-1180,-1317,-1777,-1711,-1860,-1721]} 1. Nf3 Nf6 2. c4 g6 3. b3 Bg7 4. Bb2 O-O 5. g3 d6 6. d4 {[#]} e5 $1 {[%mdl 512]} 7. dxe5 {E60: King's Indian: Unusual lines and Fianchetto Variation without Nc3} Nfd7 {[%cal Rd6e5]} (7... dxe5 8. Qxd8 Rxd8 9. Bxe5 Nc6 10. Bc3 Ne4 11. Bxg7 Kxg7 12. Bg2 Nb4 13. Na3 Nc3 14. O-O c6 {0-1 (31) Nakamura,H (2763)-Gupta,A (2588) chess.com INT 2018}) 8. Nc3 dxe5 9. Qc2 {The position is equal.} Nc6 10. O-O-O $146 (10. Rd1 $11) ({Predecessor:} 10. Bg2 Re8 11. O-O e4 12. Ne1 f5 13. Rd1 Nd4 14. Qd2 Ne6 {½-½ (47) Pakleza,Z (2498)-Gupta,A (2625) Reykjavik 2015}) 10... a5 11. a3 Nd4 12. Nxd4 exd4 13. Nb5 c6 (13... a4 $15 14. b4 c5) 14. Nxd4 $11 Qb6 15. e3 ({Better is} 15. Bg2 $11) 15... Nc5 $15 {[%mdl 1024] Black has compensation.} 16. Kb1 Rd8 ({Black should play} 16... Bxd4 $15 17. Rxd4 Qxb3 18. Qxb3 Nxb3) 17. Ka2 Na6 {White must now prevent ...c5.} 18. c5 Nb4+ (18... Nxc5 $11 19. Bc4 Bh3) 19. axb4 $16 axb4+ 20. Kb1 Qa5 {Threatening ...b6.} 21. Bg2 $2 ({Only move:} 21. Kc1 $16) 21... Bf5 $1 $11 {[%cal Rf5c2]} 22. e4 $1 {[%cal Re4f5] [#]} (22. Nxf5 $2 {is a self mate.} Qa1+ $1 {[%mdl 512]} 23. Bxa1 Rxa1#) 22... Rd5 $1 {[%mdl 512]} 23. exf5 (23. exd5 Qa2+) 23... Rxc5 24. Qxc5 Qxc5 $40 {[%mdl 128] Black mounts an attack.} 25. fxg6 $2 (25. Rd2 $1 $11) 25... hxg6 $19 ({Inferior is} 25... fxg6 26. Rd2 $14) 26. Rhe1 $2 (26. Rd2 {is a better defense.} Qa7 27. Rhd1 (27. Kc1 $2 c5 $19)) 26... Qa5 27. Kc2 {[#]} Qb6 $1 28. Kb1 c5 29. Nc2 Bxb2 30. Kxb2 {[#]} c4 $1 {[%cal Rc4c3][%mdl 512]} 31. Bd5 $2 (31. bxc4 Qa6 32. Ra1 Qf6+ {[%mdl 64] Double Attack} 33. Kb1) 31... c3+ {Black is clearly winning.} 32. Kb1 {Now Ne3 and White clings on.} Qa5 {( -> ...Qa2+)} 33. Rd4 Qa2+ 34. Kc1 Qb2+ 35. Kd1 Qb1+ 36. Ke2 Qxc2+ 37. Kf3 Qf5+ 38. Kg2 Ra2 39. Bf3 Qc5 40. Ree4 c2 41. Rc4 c1=Q {Accuracy: White = 42%, Black = 63%.} 0-1

[Event "49th Bosna Tournament 2019"]
[Site "Sarajevo/"]
[Date "2019.04.27"]
[Round "1.3"]
[White "Djukic, Nikola"]
[Black "Petrovic, Marija"]
[Result "1-0"]
[WhiteElo "2566"]
[BlackElo "2068"]
[Annotator "TA"]
[PlyCount "37"]
[EventDate "2019.03.31"]
[EventType "swiss"]
[EventCountry "BIH"]
[SourceTitle "playchess.com"]
[Source "ChessBase"]
[SourceQuality "1"]

{[%evp 14,39,30,13,91,90,102,91,280,266,527,529,502,496,800,772,804,805,798,798,760,772,890,893,1115,1079,29992,29993]} 1. e4 e5 2. Nf3 Nc6 3. Bb5 Nge7 4. O-O g6 5. c3 a6 6. Ba4 Bg7 7. d4 b5 8. Bb3 d6 {C60: Ruy Lopez: Unusual Black 3rd moves and 3...g6} (8... exd4 $1 $11 9. cxd4 Bb7) (8... exd4 9. cxd4 d6 10. Nc3 O-O 11. h3 Na5 12. Bg5 h6 13. Bxe7 Qxe7 14. Nd5 Qd8 15. Rc1 c6 16. Nf4 {½-½ (48) Vachier Lagrave,M (2758)-Mamedyarov,S (2765) Beijing 2014}) 9. Ng5 $16 O-O {[%cal Re5d4] [#]} 10. f4 $1 {[%cal Rf4f5]} exd4 $2 {[#]} (10... exf4 $16 11. Qf3 (11. Rxf4 d5 $16) 11... Qe8) 11. f5 $1 $18 {[%cal Rf5g6][%mdl 576] aiming for fxg6. Deflection} Bxf5 $146 (11... d5) (11... gxf5 12. Qh5) ({Predecessor:} 11... Bf6 12. fxg6 Nxg6 13. Nxh7 {1-0 (13) Parkanyi,A (2390)-Pasztor,F (2270) Budapest 1998}) 12. exf5 Nxf5 {[#]} 13. Rxf5 $1 {[%mdl 512]} gxf5 {[#]} (13... Ne5 $142 14. Rf1 dxc3 15. Nxc3 c6) 14. Qh5 $1 {[%csl Gg5,LRf7,LRh7][%cal Rh5h7][%mdl 576] Double Attack} h6 15. Nxf7 {[%mdl 64] Discovered Attack} Rxf7 16. Bxf7+ Kf8 {[#]} 17. Bd5 $1 {[%csl Gd5][%cal Rh5f7]} Qd7 18. Bxh6 Re8 {[#]} 19. Qg5 {Played: Qh5-g6} 1-0

[Event "49th Bosna Tournament 2019"]
[Site "Sarajevo/"]
[Date "2019.04.27"]
[Round "1.4"]
[White "Jovovic, Milan"]
[Black "Brkic, Ante"]
[Result "0-1"]
[WhiteElo "2065"]
[BlackElo "2560"]
[Annotator "TA"]
[PlyCount "74"]
[EventDate "2019.03.31"]
[EventType "swiss"]
[EventCountry "BIH"]
[SourceTitle "playchess.com"]
[Source "ChessBase"]
[SourceQuality "1"]

{[%evp 11,74,0,17,17,12,12,22,8,6,-11,6,-18,-8,-12,0,-31,-45,-58,-62,-69,-45,-197,-202,-227,-222,-231,-233,-241,-240,-222,-205,-246,-214,-267,-265,-443,-436,-660,-656,-640,-636,-753,-752,-763,-754,-757,-750,-720,-724,-965,-956,-929,-930,-1201,-1152,-29985,-29986,-6403,-1493,-1457,-1439,-29987,-29988,-29988,-1079]} 1. d4 d5 2. Bf4 c5 3. e3 Nc6 4. c3 Nf6 5. Nd2 e6 6. Ngf3 cxd4 7. exd4 {D02: 1 d4 d5 2 Nf3 sidelines, including 2...Nf6 3 g3 and 2...Nf6 3 Bf4} Nh5 8. Be3 (8. Bg5 f6 9. Be3 Bd6 10. g3 O-O 11. Nh4 g6 12. Be2 Ng7 13. O-O e5 14. dxe5 fxe5 {½-½ (59) Aronian,L (2767)-Nakamura,H (2777) chess.com INT 2018}) 8... Bd6 9. Ne5 {The position is equal.} g6 10. Bb5 Qc7 11. g4 Ng7 12. f4 $146 ({Predecessor:} 12. h4 f6 13. Nd3 e5 14. dxe5 fxe5 {1-0 (33) Gholami,A (2483)-Macovei,A (2343) Tarvisio 2017}) 12... f6 13. Nd3 h5 14. Rg1 hxg4 15. Qxg4 Rh6 16. Ne5 $2 (16. O-O-O $15) 16... Nf5 $19 17. Qe2 Nxe3 ({And not} 17... fxe5 18. fxe5 Bf8 19. Bxh6 $11) 18. Qxe3 fxe5 19. fxe5 Bf8 20. O-O-O Qh7 ({Don't do} 20... Rxh2 21. Qf4) 21. Rdf1 Rh3 ({Much less strong is} 21... Rxh2 22. Qf4) 22. Qe2 {intending Bd3.} Rxh2 23. Rxf8+ $2 (23. Qf3 {was necessary.} Be7 24. Bd3) 23... Kxf8 24. Rf1+ (24. Qf1+ $142 Qf7 25. Nf3) 24... Kg8 25. Qf3 {[%csl Gf1][%cal Rf3f8] [#]} Bd7 {...Nxd4! is the strong threat.} 26. Bd3 Ne7 27. Qf6 Rh1 28. Rxh1 Qxh1+ 29. Kc2 Qh7 30. c4 Rf8 31. Qg5 dxc4 32. Nxc4 Bb5 33. Nd6 Rf2+ 34. Kb3 Bxd3 35. Qg3 Qh2 36. Qxd3 Rxb2+ {[%mdl 64] [#] Double Attack} 37. Kc4 Qc2+ {Accuracy: White = 31%, Black = 88%.} (37... Rb6 $142 38. d5 exd5+ 39. Kd4 Qf2+ 40. Qe3 Nc6+ 41. Kd3 Nb4+ {[%mdl 64] Double Attack} 42. Kd4 Nc2+ {[%mdl 64] Double Attack, Pin} 43. Kxd5 Nxe3+ {[%mdl 64] Discovered Attack} 44. Ke4 Rb4+ 45. Nc4 Rxc4+ 46. Kd3 Qc2+ 47. Kxe3 Rc3+ 48. Kf4 Qf5#) 0-1

[Event "49th Bosna Tournament 2019"]
[Site "Sarajevo/"]
[Date "2019.04.27"]
[Round "1.5"]
[White "Kadric, Denis"]
[Black "Trisha Kanyamarala"]
[Result "1-0"]
[WhiteElo "2542"]
[BlackElo "2028"]
[Annotator "TA"]
[PlyCount "95"]
[EventDate "2019.03.31"]
[EventType "swiss"]
[EventCountry "BIH"]
[SourceTitle "playchess.com"]
[Source "ChessBase"]
[SourceQuality "1"]

{[%evp 10,95,18,0,22,28,30,20,23,39,75,78,82,65,75,82,89,85,87,64,71,41,40,29,8,0,0,-14,-18,-77,-53,-51,-22,-5,-16,-16,-23,-29,56,76,42,58,54,0,8,0,0,0,29,0,12,0,33,15,133,112,106,16,58,0,0,-49,43,49,138,67,81,0,268,256,267,239,254,233,304,299,246,226,460,350,461,456,1955,1893,1772,1782,1591,1498]} 1. e4 c5 2. Nc3 Nc6 3. Bb5 Nd4 4. Nf3 Nxb5 5. Nxb5 d6 6. d4 cxd4 {B23: Closed Sicilian: Lines without g3} (6... Nf6 7. Qd3 a6 8. Nc3 cxd4 9. Nxd4 e6 10. Bg5 Be7 11. O-O-O Qc7 12. f4 b5 13. a3 O-O 14. h4 {½-½ (31) Safarli,E (2681)-Tabatabaei,M (2590) Bandar e Anzali 2019}) 7. Qxd4 {Threatens to win with Qc3.} a6 8. Nc3 e5 {The position is equal.} 9. Qb4 h6 10. Be3 $1 Nf6 11. O-O-O $146 ({Predecessor:} 11. Bb6 Qe7 12. Rd1 Be6 13. O-O Qd7 14. Qa5 {0-1 (60) Barseghyan,A (2380)-Pridorozhni,A (2568) Moscow 2019}) 11... Qe7 12. Bb6 Be6 13. Qa4+ Bd7 14. Qa5 Qe6 15. Rhe1 Be7 16. Nh4 Qg4 17. g3 O-O $1 18. Bc7 Ne8 $1 19. Nd5 (19. Nf5 $11 {remains equal.} Bxf5 20. exf5) 19... Bg5+ 20. Kb1 Rc8 21. Bb6 Bxh4 22. gxh4 {Ne7+ is the strong threat.} Qxh4 23. f4 Bc6 (23... Bg4 $11 24. Rc1 exf4) 24. fxe5 Bxd5 25. exd5 Qxh2 {[%mdl 64] Double Attack} 26. c3 Qh3 27. Qb4 Qd7 28. a4 Kh8 29. Bd4 Kg8 30. Bb6 Kh8 31. Rd2 Rg8 (31... Kg8 $11 {keeps the balance.}) 32. e6 $16 fxe6 33. Rxe6 (33. dxe6 $16 Qe7 34. Rh2) 33... Rf8 $1 $11 34. Qh4 (34. Ka2 $14) 34... Rf1+ $15 35. Ka2 Rf6 ({Black should play} 35... Nf6 $15) 36. Re1 $14 Qf7 {[#]} (36... Rf7 $14) 37. b3 ({Better is} 37. Qh3 $1 $16 {[%cal Rh3c8]} Rb8 38. Bd4) 37... Rf4 {[#]} 38. Qe7 (38. Qh2 $1 $16) 38... Qf5 $2 {[%mdl 8192]} (38... Kg8 $11 {and Black stays safe.}) 39. Qxb7 $18 Nf6 40. Bd4 Rg8 41. Qxa6 Ne4 {[#]} 42. Rh2 $1 {Threatening mate with Rxh6+.} Kh7 43. Qb7 $40 {[%mdl 128] Black is in trouble.} Nf2 $2 (43... Nc5 44. Bxc5 dxc5) 44. Ka3 Nd3 45. Reh1 {[%csl Gh1][%cal Rh2h6] White is clearly winning.} Kg6 (45... Qf7 $142 46. Qa6 {[%mdl 64] Double Attack} Nf2 47. Rxf2 Rxf2 48. Bxf2 (48. Qxd6 Rg2 $16) 48... Qxf2 49. Qxd6 Qf3) 46. Rg2+ Rg4 47. Rxg4+ Qxg4 {[#]} 48. Rg1 $1 {Accuracy: White = 48%, Black = 48%.} 1-0

[Event "49th Bosna Tournament 2019"]
[Site "Sarajevo/"]
[Date "2019.04.27"]
[Round "1.6"]
[White "Karaoglan, Kivanc"]
[Black "Sadikhov, Ulvi"]
[Result "0-1"]
[WhiteElo "2001"]
[BlackElo "2479"]
[Annotator "TA"]
[PlyCount "68"]
[EventDate "2019.03.31"]
[EventType "swiss"]
[EventCountry "BIH"]
[SourceTitle "playchess.com"]
[Source "ChessBase"]
[SourceQuality "1"]

{[%evp 9,68,18,22,7,28,17,18,0,24,0,61,49,73,35,69,38,52,54,56,52,76,64,99,45,39,25,36,40,43,0,0,0,0,0,0,0,0,-85,-72,-515,-506,-693,-681,-900,-811,-1446,-1421,-1267,-1256,-1231,-1204,-29985,-29985,-29984,0,-29985,-29986,-29989,-29990,-29990,-29991]} 1. e4 c5 2. Nf3 Nc6 3. Bb5 d6 4. O-O Bd7 5. c4 (5. Re1 Nf6 6. c3 a6 7. Bf1 Bg4 8. h3 Bxf3 9. Qxf3 e6 10. d3 Be7 11. Nd2 O-O 12. g3 d5 13. Qe2 b5 14. Bg2 Rb8 15. Nf3 Qb6 16. exd5 Nxd5 17. Ng5 Bxg5 18. Bxg5 {½-½ (31) Jones,G (2681)-Bu,X (2731) Astana 2019}) 5... g6 6. Nc3 {B51: Sicilian: Moscow Variation (3 Bb5+) without 3...Bd7} Bg7 7. Bxc6 bxc6 8. h3 $146 {The position is equal.} ({Predecessor:} 8. e5 dxe5 9. Re1 Qc7 10. b3 Nh6 11. Ba3 f5 12. Bxc5 e4 {0-1 (45) Kiik,K (2384)-Sveshnikov,E (2514) Tallinn 2015}) 8... Qc7 9. d3 Rb8 ({Better is} 9... e5 $11) 10. e5 $14 dxe5 11. Qe2 f6 12. Be3 Nh6 13. Bxc5 Nf5 14. d4 exd4 $1 15. Nxd4 Kf7 16. Rfe1 (16. Rad1 $16) 16... e5 17. Nxf5 Bxf5 18. g4 Be6 $1 19. f4 {And now fxe5 would win.} h5 20. fxe5 hxg4 $1 {[%cal Rc7e5]} 21. Bd6 Qb6+ {[%mdl 64] Double Attack} 22. c5 Qb4 {Strongly threatening ...Qd4+.} 23. Bxb8 {[#]} (23. exf6 $11 {remains equal.} Qd4+ 24. Qe3 (24. Kh1 $2 Rxh3+ 25. Bh2 Re8 $19) 24... Qxe3+ 25. Rxe3) 23... f5 $1 $17 24. Bd6 $2 {[%mdl 8192]} (24. Bxa7 Rxh3 25. Rf1 (25. Qf2 $2 g3 $19) 25... g3 $11) (24. Rad1 $17 {is a better chance.} Qxc5+ 25. Qe3 Qxe3+ 26. Rxe3 Rxb8 27. hxg4) 24... Rxh3 $19 25. Rad1 {Threatens to win with Rd3.} Rg3+ 26. Kh2 {[#]} Qf4 $1 27. Rf1 Rh3+ 28. Kg1 Qg3+ 29. Qg2 Qe3+ 30. Qf2 Rg3+ 31. Kh1 Qh6+ 32. Qh2 {[#] Black must now prevent Qxh6.} Rh3 $1 {[%mdl 512] Black mates.} 33. Qxh3 Qxh3+ 34. Kg1 Bh6 {Accuracy: White = 37%, Black = 68%.} 0-1

[Event "49th Bosna Tournament 2019"]
[Site "Sarajevo/"]
[Date "2019.04.27"]
[Round "1.7"]
[White "Nestorovic, Nikola"]
[Black "Pestek, Elvis"]
[Result "1/2-1/2"]
[WhiteElo "2473"]
[BlackElo "1995"]
[Annotator "TA"]
[PlyCount "87"]
[EventDate "2019.03.31"]
[EventType "swiss"]
[EventCountry "BIH"]
[SourceTitle "playchess.com"]
[Source "ChessBase"]
[SourceQuality "1"]

{[%evp 13,87,7,0,0,10,0,0,-34,0,0,1,0,4,2,53,46,60,11,11,0,0,-77,7,6,30,34,35,-11,-10,-10,-9,-18,21,20,125,-31,-21,-21,-14,-20,0,-36,-21,-32,-33,-22,-4,-27,0,0,28,22,47,27,43,44,71,77,110,105,175,54,55,52,114,114,131,107,457,98,106,0,0,0,0,0]} 1. e4 e6 2. d4 d5 3. exd5 exd5 4. Nf3 Bd6 5. Bd3 Nf6 6. O-O O-O 7. h3 Re8 8. Nc3 {C01: French: Exchange Variation} (8. Bg5 h6 9. Bh4 Nbd7 10. Nc3 c6 11. Qd2 Qc7 12. Rae1 b6 13. Ne5 Bb7 14. f4 a6 15. g4 c5 {1-0 (39) Bacrot,E (2723)-Tomczak,J (2583) Germany 2017}) 8... c6 9. Bg5 Nbd7 10. Nh4 Qc7 $146 ({Predecessor:} 10... Qb6 11. Nf5 Bf8 12. b3 Qa5 13. Qd2 g6 14. Nh6+ Kg7 15. a3 Bd6 16. Rfe1 Rxe1+ 17. Rxe1 Qxa3 18. Nb1 Qb4 19. c3 Qxb3 20. Nf5+ gxf5 21. Bxf6+ {1-0 (21) Tristan,L (2456)-Crespo,E (2173) Villa Constitucion 2018}) 11. Qf3 h6 12. Bd2 Qd8 {Black wants to play ...Ne4.} 13. Nf5 Nf8 (13... Bc7 $11) 14. Nxd6 $14 Qxd6 15. Bf4 Qd8 16. Ne2 Ng6 17. Rfe1 {[#]} (17. Bg3 $11 {remains equal.}) 17... Nxf4 (17... Nh4 $1 $17 {[%cal Rh4f3]} 18. Qg3 Nh5) 18. Qxf4 Be6 19. Ng3 Qb8 20. Re5 Nd7 21. Nh5 $1 Nxe5 22. dxe5 {Black should prevent Qg3!} Qd8 23. h4 Kf8 (23... Qc7 $11) 24. Nf6 $2 (24. Qg3 $16) 24... Qc7 25. Nxe8 Rxe8 26. Re1 Qa5 27. c3 c5 28. Qe3 d4 29. cxd4 cxd4 30. Qe2 $1 Rc8 31. f4 g6 32. h5 Bg4 33. Qf2 Bxh5 34. f5 {Hoping for fxg6.} gxf5 ({Don't blunder} 34... Qxa2 $2 35. e6 $18) 35. Bxf5 Rc5 36. g4 $36 {[%mdl 2048] White is on the roll.} Bxg4 {[#]} (36... d3 $16 {keeps fighting.} 37. gxh5 d2) 37. b4 $1 {[%mdl 512]} Qxb4 {And now ...Bxf5 would win.} 38. Bxg4 d3 (38... Rc2 $1 $14 39. Qh4 Qd2) 39. Bh5 $16 {[%csl Gh5][%cal Rf2f7]} Rc7 40. Rf1 Qc4 $2 {[%mdl 8192]} (40... Qe7 $16 41. Qf4 Qg5+ 42. Qxg5 hxg5) 41. Qxa7 $2 (41. Qf6 $18 {and the rest is easy.} d2 42. Kh2) 41... Qh4 {[#] White must now prevent ...Qg5+.} 42. Qb8+ (42. Qa3+ $1 $16 Kg7 43. Rf2) 42... Kg7 $11 {( -> ...Qg5+)} 43. Qxc7 Qg3+ $1 44. Kh1 {Accuracy: White = 32%, Black = 32%.} 1/2-1/2

[Event "49th Bosna Tournament 2019"]
[Site "Sarajevo/"]
[Date "2019.04.27"]
[Round "1.8"]
[White "Kozarcanin, Sead"]
[Black "Kjartansson, Gudmundur"]
[Result "0-1"]
[WhiteElo "1976"]
[BlackElo "2444"]
[Annotator "TA"]
[PlyCount "90"]
[EventDate "2019.03.31"]
[EventType "swiss"]
[EventCountry "BIH"]
[SourceTitle "playchess.com"]
[Source "ChessBase"]
[SourceQuality "1"]

{[%evp 11,90,0,6,-26,-17,-13,-12,-14,-17,-18,-30,-36,-37,-33,-30,-26,-27,-36,-36,-41,-35,-59,-15,-7,-11,-22,-9,-18,-21,-18,-18,-22,-23,-33,-27,-37,-4,-26,-28,-45,-68,-95,-77,-156,-156,-141,-150,-150,-151,-191,-182,-207,-191,-237,-237,-227,-217,-362,-356,-356,-312,-268,-226,-241,-206,-545,-548,-1064,-363,-539,-510,-758,-625,-1044,-1008,-1129,-1049,-1188,-1197,-1133,-1099]} 1. b3 d5 2. Bb2 Bf5 3. e3 e6 4. Nf3 Nd7 5. Be2 h6 6. O-O Ngf6 7. Ne5 {A06: Réti Opening:1 Nf3 d5} (7. c4 c6 8. Nc3 Bd6 9. Rc1 a6 10. d3 O-O 11. Qd2 Qe7 12. Rfd1 Bh7 13. Qc2 e5 14. cxd5 cxd5 15. Qb1 {1-0 (49) Pridorozhni,A (2579)-Riazantsev,A (2651) Sochi 2016}) 7... Nxe5 8. Bxe5 Bd6 9. Bxd6 {The position is equal.} Qxd6 10. d4 O-O 11. Nd2 c5 12. Nf3 $146 ({Predecessor:} 12. c3 Rac8 13. Bf3 cxd4 14. cxd4 Bd3 {0-1 (42) Escofet Fernandez,J (2053)-Izquierdo,D (2253) Montevideo 2013}) 12... Rac8 13. c4 dxc4 14. Bxc4 a6 15. dxc5 Qxc5 16. Qd4 b5 17. Qxc5 Rxc5 18. Be2 Nd5 19. Nd4 Nc3 20. Rfe1 Nxe2+ 21. Rxe2 Bg6 $36 {[%mdl 2048] Black fights for an advantage.} 22. h3 e5 23. Nf3 f6 24. Rd2 (24. Nh4 $5 {[%cal Rh4g6]} Bh7 25. Rd1 $11) 24... Rfc8 25. Kf1 Rc1+ 26. Rd1 Bd3+ 27. Ke1 (27. Kg1 $142 Rxa1 28. Rxa1) 27... Rxa1 $1 $17 28. Rxa1 {[%mdl 4096] Endgame KRB-KRN} Rc2 {aiming for ...Re2+.} 29. Nd2 {[#]} a5 $1 30. f3 Kf7 31. a4 {With the idea axb5.} b4 32. Kd1 Rc3 33. Ra2 g5 34. e4 (34. Ke1 $142) 34... Ke6 $19 35. Rb2 Kd6 36. Nb1 Bxb1 $1 37. Rxb1 {[#] KR-KR} Kc5 $1 38. Rb2 $2 (38. Ke2 {nothing else works.}) 38... Kd4 39. Rd2+ Ke3 $2 (39... Rd3 40. Ke2 Rxd2+ 41. Kxd2 h5) 40. Re2+ (40. Rd5 $142 Kf2 41. g4) 40... Kf4 {Black is clearly winning.} 41. Rb2 Kg3 42. Ke1 h5 43. Rd2 Rxb3 44. Rd5 Kxg2 45. Rxa5 Kxf3 {Accuracy: White = 38%, Black = 79%.} 0-1

[Event "49th Bosna Tournament 2019"]
[Site "Sarajevo/"]
[Date "2019.04.27"]
[Round "1.9"]
[White "Soysal, Serkan"]
[Black "Bunjo, Adnan"]
[Result "1-0"]
[WhiteElo "2424"]
[BlackElo "1974"]
[Annotator "TA"]
[PlyCount "53"]
[EventDate "2019.03.31"]
[EventType "swiss"]
[EventCountry "BIH"]
[SourceTitle "playchess.com"]
[Source "ChessBase"]
[SourceQuality "1"]

{[%evp 20,67,48,43,58,53,60,33,83,69,107,97,143,139,147,137,133,129,152,146,222,189,261,249,241,241,391,395,389,386,922,936,933,928,1087,1016,1319,845,809,827,812,804,901,905,897,883,1134,1123,1068,999]} 1. Nf3 d5 2. c4 c6 3. e3 Nf6 4. Nc3 e6 5. d4 Bd6 6. Bd3 h6 7. O-O O-O 8. e4 dxe4 9. Nxe4 Nxe4 10. Bxe4 Nd7 11. b3 f5 {D46: Semi-Slav: 5 e3 Nbd7 6 Bd3, Black avoids the Meran} (11... e5 12. Bc2 exd4 13. Qxd4 Bc5 14. Qf4 Re8 15. Bb2 Re2 16. Nd4 g5 17. Qf5 Bxd4 18. Qh7+ Kf8 19. Bxd4 Rxc2 20. Rfe1 {1-0 (20) Bok,B (2594)-Yanchenko,R (2419) St Petersburg 2016}) 12. Bc2 Nf6 13. Qe2 Bd7 $146 {White is slightly better.} ({Predecessor:} 13... b6 14. Bb2 Qe8 15. Rfe1 Qh5 16. Ne5 Qh4 17. Qf3 Bb7 18. h3 Bxe5 19. Rxe5 {1-0 (29) Manin,V (2177)-Merzlyakov,I St Petersburg 2014}) 14. Bb2 Qe8 15. Ne5 Bxe5 16. dxe5 Nh7 17. Ba3 Rf7 18. Rad1 b6 {[#]} 19. c5 $1 $36 {[%mdl 2048] White is really pushing.} g5 (19... Bc8 $16 {might work better.} 20. Rd6 Re7) 20. Rd6 b5 (20... Rg7 $142 21. Rfd1 Nf8) 21. Qh5 $18 Kg7 22. g4 {Black must now prevent gxf5.} fxg4 (22... Re7 {was called for.} 23. Qxe8 Raxe8 24. gxf5 exf5) 23. Qg6+ Kh8 24. Rfd1 Nf8 $2 (24... Re7 25. Qxh6 (25. Rxd7 Qxg6 26. Bxg6 Rxd7 $16) 25... Qf8 26. Qxf8+ (26. Rxd7 Rxd7 27. Qxe6 Rxd1+ 28. Bxd1 Qf4 $11) 26... Nxf8) 25. Qxh6+ {White is clearly winning.} Kg8 26. Bc1 Nh7 27. Qg6+ {Played: Bc2-g6} 1-0